Memoria dando cuenta de las sesiones del Quinto Congreso Internacional de Cámaras de Comercio y Asociaciones industriales y comerciales celebrado en Boston (E. U.) / (Record no. 179982)

MARC details
000 -LEADER
campo de control de longitud fija 00894nam a2200193 i 4500
001 - NÚMERO DE CONTROL
campo de control 179982
003 - IDENTIFICADOR DE NÚMERO DE CONTROL
campo de control ES-MaACL
005 - FECHA Y HORA DE LA ÚLTIMA TRANSACCIÓN
campo de control 20250902004949.0
008 - DATOS DE LONGITUD FIJA--INFORMACIÓN GENERAL
campo de control de longitud fija 120312s1913 sp |||| | spa d
100 0# - ENTRADA PRINCIPAL--NOMBRE DE PERSONA
Nombre de persona Walls y Merino, Manuel.
9 (RLIN) 115977
245 10 - MENCIÓN DEL TÍTULO
Título Memoria dando cuenta de las sesiones del Quinto Congreso Internacional de Cámaras de Comercio y Asociaciones industriales y comerciales celebrado en Boston (E. U.) /
Mención de responsabilidad, etc. por ... Manuel Walls y Merino.
260 ## - PUBLICACIÓN, DISTRIBUCIÓN, ETC.
Lugar de publicación, distribución, etc. Madrid :
Nombre del editor, distribuidor, etc. [s.n.],
Fecha de publicación, distribución, etc. 1913 (
Fabricante Impr. del Ministerio de Estado)
300 ## - DESCRIPCIÓN FÍSICA
Extensión 34 p. ;
Dimensiones 23 cm.
594 ## - Nota al título y mención de responsabilidad
Nota al título y mención de responsabilidad Precede al tít.: Centro de Información Comercial del Ministerio de Estado (25)
710 2# - ENTRADA AGREGADA--NOMBRE DE ENTIDAD CORPORATIVA
Nombre de entidad corporativa o nombre de jurisdicción como elemento de entrada Centro de Información Comercial (España)
9 (RLIN) 149580
852 ## - LOCALIZACIÓN
Ubicación ES-MaACL
Número de control de estantería T-1399-F-?
Nota libre Este folleto no está en el tomo ni hay mención a él en la ficha topográfica
942 ## - ELEMENTOS DE ENTRADA SECUNDARIOS (KOHA)
Fuente del sistema de clasificación o colocación Clasificación decimal universal
Holdings
Estatus retirado Estado de pérdida Fuente del sistema de clasificación o colocación Estado de daño No para préstamo Colección Biblioteca de origen Biblioteca actual Ubicación en estantería Fecha de adquisición Total de préstamos Signatura topográfica completa Código de barras Visto por última vez Precio de reemplazo Tipo de ítem Koha
    Clasificación decimal universal     Colección de folletos Biblioteca del Ateneo de Madrid Biblioteca del Ateneo de Madrid Depósito folletos 12/03/2012   T-1399-F-? 1189088 23/02/2023 23/02/2023 Folleto